00311 2200121 4500001002100000005001500021035002400036090002200060245003800082260003100120300002700151990001100178YOGYA00000000007331220140823090409 0010-081400000073029 a641.494 Jar I (2) aIkan AsincAbbas Siregar Djarijah aYogyakartabKanisiusc1995 a56 hlm.bIlus.c19 cm. a9792-P